Statistics for ALL Indiana Cities

Click here to take the quiz!

General Stats

  • This quiz has been taken 22 times
  • The average score is 135 of 565

Answer Stats

Municipality% Correct
IIndianapolis
86%
GGary
79%
BBloomington
71%
CCarmel
71%
FFort Wayne
71%
TTerre Haute
71%
AAnderson
64%
EElkhart
64%
FEvansville
64%
LLafayette
64%
SSouth Bend
64%
WWashington
64%
BBrazil
57%
CColumbus
57%
FFishers
57%
FFranklin
57%
GGreenwood
57%
HHammond
57%
MMichigan City
57%
MMonroe
57%
MMuncie
57%
AAlbany
50%
BAvon
50%
EEast Chicago
50%
HHamilton
50%
HHuntington
50%
JJeffersonville
50%
LLawrence
50%
MMarion
50%
MMishawaka
50%
NNew Albany
50%
PPeru
50%
RRichmond
50%
VValparaiso
50%
WWabash
50%
WWest Lafayette
50%
AAlexandria
43%
AAuburn
43%
BBedford
43%
BBloomfield
43%
CClinton
43%
DDugger
43%
FFremont
43%
GGreencastle
43%
GGreenville
43%
HHartford City
43%
KKokomo
43%
LLebanon
43%
LLogansport
43%
MMartinsville
43%
MMilan
43%
NNashville
43%
NNew Castle
43%
POxford
43%
SSpeedway
43%
SSpencer
43%
VVersailles
43%
WVincennes
43%
WWarren
43%
WWorthington
43%
Zionsville
43%
AAkron
36%
AAlbion
36%
AAndrews
36%
AAurora
36%
AAustin
36%
BBatesville
36%
BBeech Grove
36%
BBrook
36%
CCayuga
36%
CChesterton
36%
CClarksville
36%
CClay City
36%
CCloverdale
36%
CConverse
36%
CCrown Point
36%
CCulver
36%
DDanville
36%
EElwood
36%
FFairmount
36%
FFarmersburg
36%
FFrench Lick
36%
GGas City
36%
GGoshen
36%
GGreenfield
36%
GGreensburg
36%
HHobart
36%
JJasonville
36%
KKentland
36%
KKnox
36%
LLaGrange
36%
LLinton
36%
LLoogootee
36%
MMadison
36%
MMarengo
36%
MMarshall
36%
MMitchell
36%
MMooresville
36%
PPlymouth
36%
PPorter
36%
PPortland
36%
RRockport
36%
RRockville
36%
SSalem
36%
SSanta Claus
36%
SSchererville
36%
SSeymour
36%
SShelbyville
36%
SSouthport
36%
SSullivan
36%
UUnion City
36%
WWarsaw
36%
WWaterloo
36%
WWestfield
36%
WWilliamsport
36%
ZZanesville
36%
AAngola
29%
AAttica
29%
BBattle Ground
29%
BBerne
29%
BBicknell
29%
BBirdseye
29%
BBluffton
29%
BBoonville
29%
BBoswell
29%
BBremen
29%
BBristol
29%
BBrooklyn
29%
BBrookville
29%
BBrownsburg
29%
BBrownstown
29%
BBurlington
29%
CButler
29%
CCambridge City
29%
CCamden
29%
CCenterville
29%
CCharlestown
29%
CChurubusco
29%
CColfax
29%
CColumbia City
29%
CCrane
29%
CCrawfordsville
29%
CCrothersville
29%
DDale
29%
DDayton
29%
DDelphi
29%
DDeMotte
29%
EEaton
29%
EEdinburgh
29%
EEdwardsport
29%
EElletsville
29%
EElnora
29%
EEnglish
29%
FFerdinand
29%
FFort Branch
29%
FFowler
29%
FFrankton
29%
GGeorgetown
29%
GGosport
29%
GGreentown
29%
HHagerstown
29%
HHighland
29%
HHolland
29%
HHope
29%
HHuntingburg
29%
JJasper
29%
JJonesboro
29%
KKendallville
29%
KKnightstown
29%
LLa Crosse
29%
LLakeville
29%
LLapel
29%
LLa Porte
29%
LLeavenworth
29%
LLiberty
29%
LLizton
29%
LLynn
29%
LLynnville
29%
MMarkle
29%
MMcCordsville
29%
MMilltown
29%
MMilton
29%
MMonroe City
29%
MMonroeville
29%
MMonrovia
29%
MMontgomery
29%
MMontpelier
29%
MMorgantown
29%
NNappanee
29%
NNew Haven
29%
NNewport
29%
NNoblesville
29%
NNorth Judson
29%
NNorth Manchester
29%
OOakland City
29%
OOdon
29%
OOrland
29%
OOsgood
29%
OOssian
29%
OOtterbein
29%
PPetersburg
29%
PPortage
29%
PPoseyville
29%
RPrinceton
29%
RRemington
29%
RRising Sun
29%
RRoanoke
29%
RRoseland
29%
SScottsburg
29%
SShelburn
29%
SShoals
29%
SSt. Paul
29%
SSwitz City
29%
TTell City
29%
TThorntown
29%
TTopeka
29%
UUpland
29%
VVan Buren
29%
VVevay
29%
WWalkerton
29%
WWalton
29%
WWestport
29%
WWheatfield
29%
WWheatland
29%
WWhitestown
29%
WWinamac
29%
WWoodburn
29%
AAdvance
21%
AAmo
21%
AArcadia
21%
AArgos
21%
AAshley
21%
AAvilla
21%
BBainbridge
21%
BBargersville
21%
BBethany
21%
BBorden
21%
BBourbon
21%
BBrookston
21%
BBryant
21%
CCarlisle
21%
CCicero
21%
CClermont
21%
CCoatesville
21%
CConnersville
21%
CCorydon
21%
CCovington
21%
CCromwell
21%
CCumberland
21%
DCynthiana
21%
DDaleville
21%
DDana
21%
DDarlington
21%
DDecatur
21%
DDillsboro
21%
DDunkirk
21%
EDyer
21%
EEarl Park
21%
EElizabeth
21%
FFairland
21%
FFarmland
21%
FFillmore
21%
FFlora
21%
FFortville
21%
FFountain City
21%
FFrancesville
21%
GFulton
21%
GGalveston
21%
GGarrett
21%
GGaston
21%
GGeneva
21%
GGlenwood
21%
GGoodland
21%
GGrabill
21%
GGreendale
21%
HGriffith
21%
HHamlet
21%
HHanover
21%
HHaubstadt
21%
HHillsboro
21%
HHuntertown
21%
JJamestown
21%
KKewanna
21%
KKirklin
21%
LKouts
21%
LLadoga
21%
LLake Station
21%
LLanesville
21%
LLa Paz
21%
LLawrenceburg
21%
LLigonier
21%
LLinden
21%
LLowell
21%
MLyons
21%
MMarkleville
21%
MMedaryville
21%
MMedora
21%
MMentone
21%
MMeridian Hills
21%
MMichigantown
21%
MMiddlebury
21%
MMiddletown
21%
MMilford
21%
MMillersburg
21%
MMonon
21%
MMontezuma
21%
MMorocco
21%
MMorristown
21%
MMount Vernon
21%
MMulberry
21%
NMunster
21%
NNapoleon
21%
NNew Carlisle
21%
NNew Harmony
21%
NNew Palestine
21%
NNew Ross
21%
NNorth Liberty
21%
NNorth Salem
21%
NNorth Vernon
21%
OOolitic
21%
OOrleans
21%
OOsceola
21%
OOwensville
21%
PPalmyra
21%
PPaoli
21%
PPendleton
21%
PPennville
21%
PPerrysville
21%
PPierceton
21%
PPittsboro
21%
PPlainfield
21%
RRensselaer
21%
RReynolds
21%
RRochester
21%
RRosedale
21%
RRossville
21%
RRoyal Center
21%
RRushville
21%
SRussiaville
21%
SSandborn
21%
SSeelyville
21%
SSellersburg
21%
SSelma
21%
SSharpsville
21%
SSheridan
21%
SShipshewana
21%
SShirley
21%
SSouth Whitley
21%
SSt. John
21%
SSt. Leon
21%
SSwayzee
21%
SSweetser
21%
TSyracuse
21%
TTrafalgar
21%
VVeedersburg
21%
VVernon
21%
WWakarusa
21%
WWanatah
21%
WWaveland
21%
WWaynetown
21%
WWest Lebanon
21%
WWestville
21%
WWhiteland
21%
WWilkinson
21%
WWinchester
21%
WWolcott
21%
ZYorktown
21%
AAlton
14%
AAltona
14%
BBeverly Shores
14%
BBloomingdale
14%
BBunker Hill
14%
BBurns Harbor
14%
CCampbellsburg
14%
CCannelburg
14%
CCannelton
14%
CCarthage
14%
CCedar Grove
14%
CCedar Lake
14%
CChandler
14%
CChrisney
14%
CClaypool
14%
CClear Lake
14%
CCrows Nest
14%
DDecker
14%
DDenver
14%
DDublin
14%
DDupont
14%
EEdgewood
14%
EElizabethtown
14%
FFrancisco
14%
FFrankfort
14%
GGentryville
14%
GGrandview
14%
GGreensboro
14%
GGreens Fork
14%
HHebron
14%
HHolton
14%
HHudson
14%
IHymera
14%
JIngalls
14%
KKingman
14%
KKingsbury
14%
KKingsford Heights
14%
KKnightsville
14%
LLa Fontaine
14%
LLagro
14%
LLarwill
14%
LLaurel
14%
LLeesburg
14%
LLeo-Cedarville
14%
LLewisville
14%
LLittle York
14%
LLong Beach
14%
MMatthews
14%
MMauckport
14%
MMecca
14%
MMerom
14%
MMerrillville
14%
MMichiana Shores
14%
MMillhousen
14%
MModoc
14%
MMonterey
14%
MMonticello
14%
MMount Ayr
14%
MMount Etna
14%
MMount Summit
14%
NNew Amsterdam
14%
NNewberry
14%
NNewburgh
14%
NNew Chicago
14%
NNew Market
14%
NNew Richmond
14%
NNewtown
14%
ONorth Webster
14%
OOldenburg
14%
OOnward
14%
PParagon
14%
PParker City
14%
PPatoka
14%
PPatriot
14%
PPine Village
14%
PPlainville
14%
PPoneto
14%
PPottawattamie Park
14%
RRedkey
14%
RRichland City
14%
RRidgeville
14%
RRiley
14%
RRoachdale
14%
RRocky Ripple
14%
RRussellville
14%
SSchneider
14%
SShadeland
14%
SSomerville
14%
SSpiceland
14%
SSpurgeon
14%
SStilesville
14%
SStinesville
14%
SSummitville
14%
SSunman
14%
TTipton
14%
TTrail Creek
14%
UUlen
14%
VUtica
14%
WWarren Park
14%
WWest College Corner
14%
WWest Terre Haute
14%
WWhiting
14%
WWinfield
14%
WWingate
14%
WWinslow
14%
YYeoman
14%
AAlamo
7%
AAlfordsville
7%
AAmbia
7%
AAmboy
7%
BBlountsville
7%
BBoston
7%
BBrooksburg
7%
BBruceville
7%
BBurket
7%
BBurnettsville
7%
CCadiz
7%
CCarbon
7%
CCenter Point
7%
CChalmers
7%
CChesterfield
7%
CCincinnati
7%
CClarks Hill
7%
CClifford
7%
CCorunna
7%
CCountry Club Heights
7%
CCrandall
7%
DDune Acres
7%
DDunreith
7%
EEast Germantown
7%
EEconomy
7%
EElberfeld
7%
EEtna Green
7%
FFairview Park
7%
FFowlerton
7%
GGriffin
7%
HHardinsburg
7%
HHarmony
7%
HHartsville
7%
HHazleton
7%
HHomecroft
7%
IIndian Village
7%
KJonesville
7%
KKempton
7%
KKennard
7%
LLaconia
7%
LLivonia
7%
LLosantville
7%
MMackey
7%
MMacy
7%
MMellott
7%
MMooreland
7%
MMoores Hill
7%
MMount Auburn
7%
MMount Carmel
7%
NNew Middletown
7%
NNew Pekin
7%
NNew Point
7%
NNew Whiteland
7%
NNorth Crows Nest
7%
OOaktown
7%
OOgden Dunes
7%
OOrestes
7%
PPrinces Lakes
7%
RRiver Forest
7%
RRoann
7%
RRome City
7%
SSalamonia
7%
SSaltillo
7%
SSaratoga
7%
SShamrock Lakes
7%
SSidney
7%
SSilver Lake
7%
SSpring Grove
7%
SSpring Hill
7%
SSpring Lake
7%
SSpringport
7%
SState Line City
7%
SStaunton
7%
SSt. Joe
7%
SStraughn
7%
SSulphur Springs
7%
TTennyson
7%
TTown of Pines
7%
UTroy
7%
UUniondale
7%
UUniversal
7%
VVera Cruz
7%
WWallace
7%
WWest Baden Springs
7%
WWest Harrison
7%
WWhitewater
7%
WWilliams Creek
7%
WWinona Lake
7%
WWolcottville
7%
WWoodlawn Heights
7%
YWynnedale
7%
WWindfall City
0%

Score Distribution

Percentile by Number Answered

Percent of People with Each Score

Your Score History

You have not taken this quiz